Normal view
MARC view
- فاضل، علي مولود، م مشارك سيف عدنان عباس
Entry Personal Name
001 - CONTROL NUMBER
- control field: 63452
003 - CONTROL NUMBER IDENTIFIER
- control field: JO-AjAnu
005 - DATE AND TIME OF LATEST TRANSACTION
- control field: 20230606084345.0
008 - FIXED-LENGTH DATA ELEMENTS
- fixed length control field: 230606|| aca||aabn | a|a d
040 ## - CATALOGING SOURCE
- Original cataloging agency: JO-AjAnu
- Transcribing agency: JO-AjAnu
100 ## - HEADING--PERSONAL NAME
- Personal name: فاضل، علي مولود، م مشارك سيف عدنان عباس
670 ## - SOURCE DATA FOUND
- Source citation: Work cat.: (JO-AjAnu)32351: فاضل، علي مولود، م مشارك سيف عدنان عباس, author, التزييف العميق: لغة الذكاء الاصطناعي في حروب السيبران الاعلامية